Providing access for adults to alternative college programs /

Bibliographic Details
Other Authors: Miller, Ronald H.
Format: Book
Language:English
Published: [Metuchen, N.J.] : Scarecrow Press for the Alliance, 1981.
Series:Alliance manual ; no. 1.
Subjects:

MARC

Tag First Indicator Second Indicator Subfields
LEADER 00000pam a2200000 a 4500
001 in00000077158
005 20151008060544.0
008 810723s1981 nju b 00100 eng
010 |a  81009395  
020 |a 0810814676 (pbk.) 
035 |a (OCoLC)07672209 
035 |9 AAJ6024AM 
039 0 |a 2  |b 3  |c 3  |d 3  |e 3 
040 |a DLC  |c DLC  |d TXA  |d UtOrBLW 
049 |a TXAM   |c  [1805127] 
050 0 0 |a LC5219  |b .P768 1981 
082 0 |a 374  |2 19 
245 0 0 |a Providing access for adults to alternative college programs /  |c edited by Ronald H. Miller. 
264 1 |a [Metuchen, N.J.] :  |b Scarecrow Press for the Alliance,  |c 1981. 
300 |a xii, 117 pages ;  |c 22 cm. 
336 |a text  |b txt  |2 rdacontent 
337 |a unmediated  |b n  |2 rdamedia 
338 |a volume  |b nc  |2 rdacarrier 
490 1 |a Alliance manual ;  |v no. 1 
500 |a Includes index. 
504 |a Bibliography: pages 107-113. 
505 0 |a Access to higher education for adults / Thomas Taaffe and Thomas M. Rocco -- Campus planning of adult degree programs / Lawrence R. Murphy -- Needs assessment / Ronald H. Miller -- Promotion and publicity encourage access / Elza Teresa Dinwiddie -- Access and interinstitutional linkages / William M. Craft -- Resources / Kathleen Brouder. 
650 0 |a Continuing education. 
650 0 |a Non-formal education. 
700 1 |a Miller, Ronald H. 
830 0 |a Alliance manual ;  |v no. 1. 
999 |a MARS 
999 f f |s aa0ff600-f24c-3531-80f1-3f4a5d821f7d  |i ad41b1be-de24-364d-96d0-24163ae3680d  |t 0 
952 f f |p normal  |a Texas A&M University  |b College Station  |c Sterling C. Evans Library  |d Evans: Library Stacks  |t 0  |e LC5219 .P768 1981  |h Library of Congress classification  |i unmediated -- volume  |m A14806164655 
998 f f |a LC5219 .P768 1981  |t 0  |l Evans: Library Stacks